Systémové zpracování dat na počítači

Salvato in:
Dettagli Bibliografici
Autore principale: Vlček, Jaroslav
Natura: Libro
Lingua:ceco
Pubblicazione: Praha Státní nakladatelství technické literatury 1972
Tags: Aggiungi Tag
Nessun Tag, puoi essere il primo ad aggiungerne!!

MARC

LEADER 00000nam a2200000 4500
001 c111653
005 20041019155150.4
041 0 |a cze 
044 |a CZ 
245 1 0 |a Systémové zpracování dat na počítači  |c Jaroslav Vlček 
264 1 |a Praha  |b Státní nakladatelství technické literatury  |c 1972 
300 |a 214 s.  |e 1 tab. príl. 
100 1 |a Vlček, Jaroslav